[CHP'li yıllar] (Record no. 2304)
[ view plain ]
| 000 -BAŞLIK | |
|---|---|
| Sabit Uzunlukta Kontrol Alanı | 00798na a2200277 4500 |
| 001 - KONTROL NUMARASI | |
| Denetim Alanı | 15063 |
| 003 - KONTROL NUMARASI IDENTIFIER | |
| Denetim Alanı | MIRAKIL |
| 005 - SON İŞLEM TARİHİ VE ZAMANI | |
| Denetim Alanı | 20181213154852.0 |
| 008 - SABİT-BOY VERİ ELEMANLARI - GENEL BİLGİLER | |
| Sabit Uzunlukta Kontrol Alanı | 161019b tu 000 0 |
| 035 ## - SİSTEM KONTROL NUMARASI | |
| Sistem Kontrol Numarası | 15017 |
| 040 ## - KATALOGLAMA KAYNAK | |
| Orijinal Kataloglama Ajansı | Milas |
| Kataloglama Dili | tur |
| Metne Dönüştürmek Ajansı | TR-AnCHP |
| 041 ## - DİL KODU | |
| Metin / Ses Parça Veya Ayrı Başlığın Dil Kodu | tur |
| 082 ## - DEWEY ONLU SINIFLANDIRMA NUMARASI | |
| Sınıflandırma Numarası | CHP 923.2 Avşargil,T.D. |
| Ürün Numarası | A87c [t.y.] |
| 090 ## - SINIFLAMA NUMARASI | |
| Sınıflama Numarası | CHP 923.2 Avşargil,T.D. A87c [t.y.] |
| 100 ## - ANA GİRİŞ - KİŞİSEL İSİM | |
| Kişisel Ad | Avşargil,Tufan Doğan |
| 245 ## - BAŞLIK TABLOSU | |
| Başlık | [CHP'li yıllar] |
| Sorumluluk Tablosu, Vb | Tufan Doğan Avşargil |
| 246 ## - UNVAN FORM VARYING | |
| Başlık Doğru / Kısa Başlığı | CHPli yıllar |
| 260 ## - YAYIN, DAĞITIM, VB | |
| Yayın, Dağıtım, Vb Yeri | [y.y.] |
| Yayıncı, Dağıtıcı, Vs Adı | [yay.y.] |
| Yayın, Dağıtım, Vb Tarihi | [t.y] |
| 300 ## - FİZİKSEL TANIM | |
| Kapsam | 230 s. |
| Diğer Fiziksel Ayrıntıları | fotg. |
| Boyutlar | 21 sm. |
| 504 ## - KAYNAKÇA VB NOT | |
| Kaynakça Vb Notu | Kaynakça var. |
| 600 ## - KONU KATMA GİRİŞ - KURUMSAL ADI | |
| Kişisel Ad | Avşargil,Tufan Doğan |
| Başlıklar Ve Bir Adla İlişkili Diğer Kelimeler | CHP Kayseri Milletvekili |
| Genel Alt Bölümü | Anılar |
| 610 ## - KONU KATMA GİRİŞ - TOPLANTI ADI | |
| Giriş Elemanı Olarak Kurumsal Ad Veya Yargı Alanı Adı | CHP |
| Genel Alt Bölüm | Tarih |
| 610 ## - KONU KATMA GİRİŞ - TOPLANTI ADI | |
| Giriş Elemanı Olarak Kurumsal Ad Veya Yargı Alanı Adı | CHP |
| Genel Alt Bölüm | Milletvekilleri |
| Kronolojik Alt Bölüm | Anılar |
| 650 ## - KONU KATMA GİRİŞ - TOPİKAL DÖNEM | |
| Topikal Süreli Veya Coğrafi Ad Giriş Elemanı | Siyasal anılar |
| 942 ## - EKLENDİ GİRİŞ ELEMANLARI (KOHA) | |
| Sınıflandırma Veya Raf Düzeni Kaynak | |
| Koha Öğesi Türü | Books |
| 999 ## - SİSTEM KONTROL NUMARALARI (KOHA) | |
| Koha Biblionumber | 2304 |
| Koha Biblioitemnumber | 2304 |
| Kalıcı Konum | Mevcut Konum | Edinme Tarihi | Edinim Kaynak | Toplam Check-Out'Lar | Tam Çağrı Numarası | Barkod | Tarih Son Görülme | İtibaren Geçerli Fiyatlar | Koha Öğesi Türü | Kopya Sayısı |
|---|---|---|---|---|---|---|---|---|---|---|
| CHP Kütüphanesi | CHP Kütüphanesi | 09/03/2016 | Bağış | CHP 923.2 Avşargil,T.D. A87c [t.y.] | 003245 | 09/03/2016 | 09/03/2016 | Books | ||
| CHP Kütüphanesi | CHP Kütüphanesi | 10/19/2016 | Bağış | CHP 923.2 Avşargil,T.D. A87c [t.y.] | 006947 | 10/19/2016 | 10/19/2016 | Books | k.2 |
